<?xml version="1.0" encoding="UTF-8"?>
<record
    xmlns:xsi="http://www.w3.org/2001/XMLSchema-instance"
    xsi:schemaLocation="http://www.loc.gov/MARC21/slim http://www.loc.gov/standards/marcxml/schema/MARC21slim.xsd"
    xmlns="http://www.loc.gov/MARC21/slim">

  <leader>02605nam a2200409 a 4500</leader>
  <controlfield tag="001">ebr10475939</controlfield>
  <controlfield tag="003">CaPaEBR</controlfield>
  <controlfield tag="006">m        u        </controlfield>
  <controlfield tag="007">cr cn|||||||||</controlfield>
  <controlfield tag="008">000802s2000    ne a    sb    001 0 eng d</controlfield>
  <datafield tag="010" ind1=" " ind2=" ">
    <subfield code="z">   00062140 </subfield>
  </datafield>
  <datafield tag="020" ind1=" " ind2=" ">
    <subfield code="z">1588110222 (U.S. : alk. paper)</subfield>
  </datafield>
  <datafield tag="020" ind1=" " ind2=" ">
    <subfield code="z">9027237182 (Europe)</subfield>
  </datafield>
  <datafield tag="020" ind1=" " ind2=" ">
    <subfield code="z">9789027237187</subfield>
  </datafield>
  <datafield tag="020" ind1=" " ind2=" ">
    <subfield code="z">9789027284433 (e-book)</subfield>
  </datafield>
  <datafield tag="040" ind1=" " ind2=" ">
    <subfield code="a">CaPaEBR</subfield>
    <subfield code="c">CaPaEBR</subfield>
  </datafield>
  <datafield tag="035" ind1=" " ind2=" ">
    <subfield code="a">(OCoLC)738478524</subfield>
  </datafield>
  <datafield tag="050" ind1="1" ind2="4">
    <subfield code="a">PK2897</subfield>
    <subfield code="b">.G73 2000eb</subfield>
  </datafield>
  <datafield tag="082" ind1="0" ind2="4">
    <subfield code="a">491.4/975</subfield>
    <subfield code="2">21</subfield>
  </datafield>
  <datafield tag="245" ind1="0" ind2="0">
    <subfield code="a">Grammatical relations in Romani</subfield>
    <subfield code="h">[electronic resource] :</subfield>
    <subfield code="b">the noun phrase /</subfield>
    <subfield code="c">edited by Viktor El&#xFFFD;s&#xFFFD;ik, Yaron Matras ; with a foreword by Frans Plank.</subfield>
  </datafield>
  <datafield tag="260" ind1=" " ind2=" ">
    <subfield code="a">Amsterdam ;</subfield>
    <subfield code="a">Philadelphia :</subfield>
    <subfield code="b">John Benjamins Pub. Co.,</subfield>
    <subfield code="c">c2000.</subfield>
  </datafield>
  <datafield tag="300" ind1=" " ind2=" ">
    <subfield code="a">x, 244 p. :</subfield>
    <subfield code="b">ill.</subfield>
  </datafield>
  <datafield tag="490" ind1="1" ind2=" ">
    <subfield code="a">Amsterdam studies in the theory and history of linguistic science. Series IV, Current issues in linguistic theory,</subfield>
    <subfield code="x">0304-0763 ;</subfield>
    <subfield code="v">v. 211</subfield>
  </datafield>
  <datafield tag="500" ind1=" " ind2=" ">
    <subfield code="a">Four of the eight contributions are based on papers presented at the 4th International Conference on Romani Linguistics, held Sept. 1998, University of Manchester, Manchester, Eng.</subfield>
  </datafield>
  <datafield tag="504" ind1=" " ind2=" ">
    <subfield code="a">Includes bibliographical references and indexes.</subfield>
  </datafield>
  <datafield tag="505" ind1="0" ind2=" ">
    <subfield code="a">Romani nominal paradigms, their structure, diversity, and development  /Viktor El&#xFFFD;s&#xFFFD;ik -- The definite article in Romani dialects / Norbert Boretzky -- Dialect variation in Romani personal pronouns / Viktor El&#xFFFD;s&#xFFFD;ik -- The structural and functional composition of Romani demonstratives / Yaron Matras -- Romani genitives in cross-linguistic perspective / Maria Koptjevskaja-Tamm -- External possession in Romani / Mily Crevels &amp; Peter Bakker -- Proleptic and resumptive object pronouns in Romani / Victor A. Friedman -- Was roto-Romani an ergative language? / V&#xFFFD;it Buben&#xFFFD;ik.</subfield>
  </datafield>
  <datafield tag="533" ind1=" " ind2=" ">
    <subfield code="a">Electronic reproduction.</subfield>
    <subfield code="b">Palo Alto, Calif. :</subfield>
    <subfield code="c">ebrary,</subfield>
    <subfield code="d">2013.</subfield>
    <subfield code="n">Available via World Wide Web.</subfield>
    <subfield code="n">Access may be limited to ebrary affiliated libraries.</subfield>
  </datafield>
  <datafield tag="650" ind1=" " ind2="0">
    <subfield code="a">Romani language</subfield>
    <subfield code="x">Noun phrase.</subfield>
  </datafield>
  <datafield tag="650" ind1=" " ind2="0">
    <subfield code="a">Romani language</subfield>
    <subfield code="x">Nominals.</subfield>
  </datafield>
  <datafield tag="655" ind1=" " ind2="7">
    <subfield code="a">Electronic books.</subfield>
    <subfield code="2">local</subfield>
  </datafield>
  <datafield tag="700" ind1="1" ind2=" ">
    <subfield code="a">El&#xFFFD;sik, Viktor.</subfield>
  </datafield>
  <datafield tag="700" ind1="1" ind2=" ">
    <subfield code="a">Matras, Yaron,</subfield>
    <subfield code="d">1963-</subfield>
  </datafield>
  <datafield tag="710" ind1="2" ind2=" ">
    <subfield code="a">ebrary, Inc.</subfield>
  </datafield>
  <datafield tag="711" ind1="2" ind2=" ">
    <subfield code="a">International Conference on Romani Linguistics</subfield>
    <subfield code="n">(4th :</subfield>
    <subfield code="d">1998 :</subfield>
    <subfield code="c">University of Manchester)</subfield>
  </datafield>
  <datafield tag="830" ind1=" " ind2="0">
    <subfield code="a">Amsterdam studies in the theory and history of linguistic science.</subfield>
    <subfield code="n">Series IV,</subfield>
    <subfield code="p">Current issues in linguistic theory ;</subfield>
    <subfield code="v">v. 211.</subfield>
  </datafield>
  <datafield tag="856" ind1="4" ind2="0">
    <subfield code="u">http://site.ebrary.com/lib/rucke/Doc?id=10475939</subfield>
    <subfield code="z">An electronic book accessible through the World Wide Web; click to view</subfield>
  </datafield>
  <datafield tag="999" ind1=" " ind2=" ">
    <subfield code="c">116038</subfield>
    <subfield code="d">116038</subfield>
  </datafield>
</record>
